A Beginner's guide to golf

Bibliographic Details
Main Author: Lumb, Nick
Format: Book
Published: London : Grange Books , 1987
Subjects:

MARC

LEADER 00000cam a2200000 7i4500
001 0000008565
002 000009334
005 20000330.0
020 |a 185627800X 
090 0 0 |a 796.352   |b LUM 
100 1 |a Lumb, Nick 
245 1 2 |a A Beginner's guide to golf   |c Nick Lumb 
260 |a London :   |b Grange Books ,   |c 1987 
300 |a 111p. :   |b ill. ;   |c 30cm. 
650 0 0 |a Golf   |x Techniques 
999 |a 051200   |b BUKU   |c PINJAMAN   |e PERPUSTAKAAN KOMUNITI PETALING JAYA 
999 |a 051201   |b BUKU   |c PINJAMAN   |e PERPUSTAKAAN KOMUNITI PETALING JAYA